000 00429pab a2200157 454500
008 180718b2010 xxu||||| |||| 00| 0 eng d
100 _aKykyri, Virpi-Liisa
245 _aInviting participation in organizational change through ownership talk
260 _c2010
300 _ap.92-118.
362 _aMar
650 _aOrganizational change
773 _aJournal of Applied Behavioral Science
908 _aN
909 _a86292
999 _c86292
_d86292